Statistics for Recent Movie Taglines Quiz

Click here to take the quiz!

General Stats

  • This quiz has been taken 42,662 times
    (13,583 since last reset)
  • The average score is 11 of 19

Answer Stats

Year Tagline Movie % Correct
2001One ring to rule them allThe Lord of the Rings:
Fellowship of the Ring
89%
2012May the odds be ever in your favorThe Hunger Games
80%
2003There are 3.7 trillion fish in the ocean. They're looking for oneFinding Nemo
79%
2008An adventure beyond the Ordinar-EWALL-E
78%
2008Why so serious?The Dark Knight
75%
2009Some guys just can't handle VegasThe Hangover
75%
2002With great power comes great responsibilitySpider-Man
70%
2004Twelve is the new elevenOcean's 12
69%
2015Meet the little voices inside your headInside Out
68%
2010You don't get to 500 million friends without making a few enemiesThe Social Network
67%
2006Hell on heelsThe Devil Wears Prada
52%
2002The coolest event in 16,000 yearsIce Age
51%
2005Laugh. Cry. Share the pantsThe Sisterhood of the
Traveling Pants
47%
2007What if this guy got you pregnant?Knocked Up
45%
2012The "D" is Silent. Payback won't beDjango Unchained
44%
2008Heroes aren't born. They're builtIron Man
41%
2004Whoever said "Tomorrow is another day" didn't check the weatherThe Day After Tomorrow
41%
2016With great power comes great irresponsibilityDeadpool
40%
2008Time is passing, even backwardsThe Curious Case of
Benjamin Button
31%

Score Distribution

Percentile by Number Answered

Percent of People with Each Score

Your Score History

You have not taken this quiz since the last reset